<?xml version="1.0" encoding="UTF-8"?>
<record
    xmlns:xsi="http://www.w3.org/2001/XMLSchema-instance"
    xsi:schemaLocation="http://www.loc.gov/MARC21/slim http://www.loc.gov/standards/marcxml/schema/MARC21slim.xsd"
    xmlns="http://www.loc.gov/MARC21/slim">

  <leader>01561nam a2200217 a 4500</leader>
  <controlfield tag="001">ASIN0077221400</controlfield>
  <controlfield tag="005">20140613022252.0</controlfield>
  <controlfield tag="008">140613s2008    xxu                 eng d</controlfield>
  <datafield tag="020" ind1=" " ind2=" ">
    <subfield code="a">0077221400 (hardcover)</subfield>
  </datafield>
  <datafield tag="020" ind1=" " ind2=" ">
    <subfield code="a">9780077221409 (hardcover)</subfield>
  </datafield>
  <datafield tag="100" ind1="1" ind2=" ">
    <subfield code="a">Beer, Ferdinand.</subfield>
  </datafield>
  <datafield tag="245" ind1="1" ind2="0">
    <subfield code="a">Mechanics of materials /</subfield>
    <subfield code="c">Ferdinand Beer, Jr., E. Russell Johnston, John DeWolf, David Mazurek.</subfield>
  </datafield>
  <datafield tag="250" ind1=" " ind2=" ">
    <subfield code="a">5th ed.</subfield>
  </datafield>
  <datafield tag="260" ind1=" " ind2=" ">
    <subfield code="a">[S.l.] :</subfield>
    <subfield code="b">McGraw-Hill Science/Engineering/Math,</subfield>
    <subfield code="c">2008.</subfield>
  </datafield>
  <datafield tag="300" ind1=" " ind2=" ">
    <subfield code="a">816 p. ;</subfield>
    <subfield code="c">26 cm.</subfield>
  </datafield>
  <datafield tag="520" ind1=" " ind2=" ">
    <subfield code="a">At McGraw-Hill, we believe Beer and Johnston&#x2019;s Mechanics of Materials is the uncontested leader for the teaching of solid mechanics. Used by thousands of students around the globe since it&#x2019;s publication in 1981, Mechanics of Materials , provides a precise presentation of the subject illustrated with numerous engineering examples that students both understand and relate to theory and application. The tried and true methodology for presenting material gives your student the best opportunity to succeed in this course. From the detailed examples, to the homework problems, to the carefully developed solutions manual, you and your students can be confident the material is clearly explained and accurately represented. If you want the best book for your students, we feel Beer, Johnston&#x2019;s Mechanics of Materials , 5th edition is your only ch</subfield>
  </datafield>
  <datafield tag="700" ind1=" " ind2=" ">
    <subfield code="a">Johnston, Jr., E. Rus</subfield>
  </datafield>
  <datafield tag="700" ind1=" " ind2=" ">
    <subfield code="a">DeWolf, </subfield>
  </datafield>
  <datafield tag="700" ind1=" " ind2=" ">
    <subfield code="a">Mazurek, D</subfield>
  </datafield>
  <datafield tag="856" ind1=" " ind2=" ">
    <subfield code="3">Amazon.com</subfield>
    <subfield code="u">http://www.amazon.com/exec/obidos/ASIN/0077221400/chopaconli</subfield>
  </datafield>
  <datafield tag="999" ind1=" " ind2=" ">
    <subfield code="c">6441</subfield>
    <subfield code="d">6441</subfield>
  </datafield>
  <datafield tag="952" ind1=" " ind2=" ">
    <subfield code="0">0</subfield>
    <subfield code="1">0</subfield>
    <subfield code="4">0</subfield>
    <subfield code="7">0</subfield>
    <subfield code="a">QUESTCL</subfield>
    <subfield code="b">REF</subfield>
    <subfield code="d">2014-06-13</subfield>
    <subfield code="g">966.00</subfield>
    <subfield code="l">1</subfield>
    <subfield code="o">620.112BEE</subfield>
    <subfield code="p">42861</subfield>
    <subfield code="r">2015-06-03 00:00:00</subfield>
    <subfield code="s">2015-01-20</subfield>
    <subfield code="y">BK</subfield>
  </datafield>
</record>
